Designing and testing sampling protocols to estimate biodiversity in tropical ecosystems (Registro nro. 13244)

Detalles MARC
000 -CABECERA
Campo de control 007360000a22001930004500
090 ## - CLASIFICACIÓN LOCAL
Colección AR
Consecutivo 04146
041 0# - IDIOMA
Código de idioma para texto/pista de sonido o título separado
100 1# - ASIENTO PRINCIPAL--NOMBRE PERSONAL
Nombre personal Coddington , Jonathan A.
245 10 - MENCION DE TITULO
Título Designing and testing sampling protocols to estimate biodiversity in tropical ecosystems
260 ## - PUBLICACION, DISTRIBUCION, ETC. (PIE DE IMPRENTA)
Nombre del editor, distribuidor, etc. Dioscorides Press
Fecha de publicación, distribución, etc. 1991
300 ## - DESCRIPCION FISICA
Extensión 44-60 p.
500 ## - NOTA GENERAL
Nota general <Literatura de escarabajos coprófagos>
700 1# - ASIENTO SECUNDARIO - NOMBRE PERSONAL
Nombre personal Griswold, Charles E.
700 1# - ASIENTO SECUNDARIO - NOMBRE PERSONAL
Nombre personal Silva Dávila , Diana
700 1# - ASIENTO SECUNDARIO - NOMBRE PERSONAL
Nombre personal Peñaranda, Efrain
700 1# - ASIENTO SECUNDARIO - NOMBRE PERSONAL
Nombre personal Larcher, Scott F.
773 1# - Item fuente:
Título The unity of evolutionary biology: Proceedings of the Fourth International Congress of Systematic and Evolutionary Biology / Dudley, E.C. (ed.)
942 ## - ELEMENTOS ADICIONALES (KOHA)
Tipo de ítem Artículo
Existencias
Withdrawn status Lost status Damaged status No para préstamo Colección Ubicación Permanente Ubicación actual Fecha de adquisición Fuente de Valor Datos de publicación Seriada Total Checkouts Número topográfico Inventario / Código de Barras Date last seen Ejemplar Price effective from Forma de adquisición Tipo de material
      No para Préstamo Hemeroteca Bogotá Bogotá 03/11/2006 Trujillo, Diego Fuera de circulación   AR 04146 023584 25/03/2015 1 25/03/2015   Artículo